Statistiques concernant Drapeaux en 15 secondes #3

Cliquez ici pour prendre le quiz!

Statistiques générales

  • Ce quiz a été pris 459 fois
  • Le résultat moyen est 4 sur 15

Statistiques - réponses

HintRéponse% Correct
Estonie🇪🇪
52%
Russie🇷🇺
48%
Bulgarie🇧🇬
41%
Roumanie🇷🇴
38%
Biélorussie🇧🇾
36%
Moldavie🇲🇩
31%
Lituanie🇱🇹
29%
Ukraine🇺🇦
29%
Grece🇬🇷
28%
Danemark🇩🇰
22%
Lettonie🇱🇻
21%
Kosovo🇽🇰
21%
Malte🇲🇹
19%
Liechtenstein🇱🇮
16%
Montenegro🇲🇪
15%

Distribution des résultats

Percentile par nombre de réponses

% des personnes avec chaque résultat

Votre développement - résultats

Vous n’avez pas pris ce quiz